<?xml version="1.0" encoding="UTF-8"?>
<collection xmlns="http://www.loc.gov/MARC21/slim">
 <record>
  <leader>00783nam a22002055a 4500</leader>
  <controlfield tag="001">EHU.bham025946</controlfield>
  <controlfield tag="003">AR-BHAM</controlfield>
  <controlfield tag="005">20110317152809.0</controlfield>
  <controlfield tag="008">130507s1985##################000#0#####d</controlfield>
  <datafield tag="082" ind1="C" ind2="8">
   <subfield code="a">870</subfield>
  </datafield>
  <datafield tag="100" ind1="1" ind2=" ">
   <subfield code="a">Haase, Wolfgang, Ed.</subfield>
  </datafield>
  <datafield tag="245" ind1="1" ind2="0">
   <subfield code="a">Aufstieg und niedergang der römischen welt (anrw) :</subfield>
   <subfield code="b">geschichte und kultur roms im spiegel der /</subfield>
   <subfield code="c">Wolfgang, Ed. Haase , Hildegard, Ed. Temporini ,</subfield>
  </datafield>
  <datafield tag="260" ind1=" " ind2=" ">
   <subfield code="a">Berlin ; New York :</subfield>
   <subfield code="b">De Gruyter,</subfield>
   <subfield code="c">1985</subfield>
  </datafield>
  <datafield tag="490" ind1="0" ind2=" ">
   <subfield code="a">Sprache Und Literatur</subfield>
  </datafield>
  <datafield tag="500" ind1=" " ind2=" ">
   <subfield code="a">Zweiundderissigster Band (5. Teilband)(literatur Der Julisch-claudischen Und Der Flavischen Zeit [forts.])</subfield>
  </datafield>
  <datafield tag="653" ind1=" " ind2=" ">
   <subfield code="a">Literatura latina</subfield>
  </datafield>
  <datafield tag="653" ind1=" " ind2=" ">
   <subfield code="a">Roma</subfield>
  </datafield>
  <datafield tag="653" ind1=" " ind2=" ">
   <subfield code="a">Historia de roma</subfield>
  </datafield>
  <datafield tag="700" ind1="1" ind2=" ">
   <subfield code="a">Temporini, Hildegard, Ed.</subfield>
  </datafield>
  <datafield tag="859" ind1=" " ind2=" ">
   <subfield code="a">AR-BHAM</subfield>
   <subfield code="h">870</subfield>
   <subfield code="i">AU39</subfield>
   <subfield code="k">C</subfield>
   <subfield code="p">507.03</subfield>
   <subfield code="t">Ej.1</subfield>
   <subfield code="v">II 32-2</subfield>
  </datafield>
 </record>
</collection>
